Final Fantasy Countries by Head-of-State Quiz Stats

Quiz not verified by Sporcle

Challenge
Share
Tweet
Embed
Score 0/35 Timer 06:00
0 Plays Today
Head-of-State Country % Correct
Queen BrahneKingdom of Alexandria
81.6%
Regent Cid Fabool IXKingdom of Lindblum
79.6%
Mayor DominoMidgar
76.9%
Godo KisaragiWutai
76.2%
King Edgar Roni __________Kingdom of Figaro
72.8%
Emperor __________Empire of Gestahl
72.1%
President Vinzer DelingEmpire of Galbadia
70.7%
President Laguna LoireEsthar
70.7%
King of ________Kingdom of Baron
67.3%
King of ___________Kingdom of Burmecia
60.5%
Grand Maester MikaSpira
58.5%
High Monk Yang Fang LeidenKingdom of Fabul
57.8%
KingKingdom of Cornelia
56.5%
Elder of ________Country of Mysidia
56.5%
King Alexander Highwind __________Kingdom of Tycoon
55.8%
The EmperorEmpire of Palamecia
54.4%
Elf PrinceElfheim
53.7%
His Royal Majesty King RaminasKingdom of Dalmasca
53.1%
Head-of-State Country % Correct
Prince Edward Chris von MuirKingdom of Damcyan
52.4%
Emperor Gramis Gana SolidorEmpire of Archadia
49.7%
Prince Edward 'Edge' GeraldineKingdom of Eblan
46.9%
Marquis Halim Ondore IVSkycity of Bhujerba
44.9%
Queen _________Kingdom of Karnak
39.5%
Galuf Halm BaldesionKingdom of Bal
39.5%
Princess HildaKingdom of Fynn
38.8%
Prince Rasler Heios __________Kingdom of Nabradia
38.1%
House MargraceEmpire of Rozarria
32.7%
King of ________Kingdom of Walse
30.6%
Gran Kiltias AnastasisHoly Mt. Bur-Omisace
29.9%
Prince GordonKingdom of Kashuan
25.9%
King Xezat Matias __________Kingdom of Surgate
25.2%
King GiottKingdom of Dwarves
21.8%
Kelger VlondettVillage of Quelb
19.7%
GarlandPandaemonium
12.2%
KefkaEmpire of Kefka
8.2%

You're not logged in!

Compare scores with friends on all Sporcle quizzes.
Join for Free
OR
Log In

You Might Also Like...

Show Comments

Extras

Top Quizzes Today


Score Distribution

Your Account Isn't Verified!

In order to create a playlist on Sporcle, you need to verify the email address you used during registration. Go to your Sporcle Settings to finish the process.

Report this User

Report this user for behavior that violates our Community Guidelines.

Details: